| 000 | 01168nam a2200349 i 4500 | ||
|---|---|---|---|
| 001 | 10705 | ||
| 003 | KOSZ 005 | ||
| 005 | 20191009121205.0 | ||
| 008 | 070620s1966 pl a f f 001 0 pol | ||
| 015 | _aPB 1966/2112 | ||
| 040 |
_aWA N _cKOSZ 005/RW _dKOSZ 005/RW _dKOSZ 005/HR |
||
| 046 | _k1966 | ||
| 080 | _a51 | ||
| 080 | _a(075.8) | ||
| 100 | 1 |
_aTrajdos, Tadeusz _d(1922-2002) _eAutor |
|
| 245 | 1 | 0 |
_aMatematyka dla inżynierów / _cTadeusz Trajdos-Wróbel. |
| 250 | _aWyd. 2 popr. | ||
| 260 |
_aWarszawa : _bWydawnictwa Naukowo-Techniczne, _c1966. |
||
| 300 |
_a732 s. : _bil. ; _c25 cm. |
||
| 380 | _aKsiążki. | ||
| 380 | _aPublikacje dydaktyczne | ||
| 385 |
_mPoziom nauczania _aSZkoły wyższe |
||
| 388 | _a1901- | ||
| 504 | _aBibliogr. s. [712]-715. Indeks. | ||
| 521 | 8 | _aDla inżynierów i studentów politechnik. | |
| 650 | 4 |
_aMatematyka _xszkoły wyższe. |
|
| 658 | _aMatematyka | ||
| 655 | 4 | _aPodręczniki akademickie | |
| 710 | 2 |
_aWydawnictwa Naukowo-Techniczne _4pbl. |
|
| 856 |
_uhttp://koha.tu.koszalin.pl/cgi-bin/koha/opac-detail.pl?biblionumber=10705 _yKatalog online BPK |
||
| 942 |
_2UKD _cKS |
||
| 999 |
_c10705 _d10705 |
||